Statistics for Formula One 2020 Quiz (as till Russian Grand Prix)

Click here to take the quiz!

General Stats

  • This quiz has been taken 145 times
  • The average score is 8 of 10

Answer Stats

QuestionAnswer% Correct
Which team has one of its drivers as Kevin Magnussen?Haas
100%
Who are the drivers for Racing Point?Sergio Perez & Lance Stroll
99%
Which driver has got his first Grand Prix Win (as till the Russian Grand Prix)Pierre Gasly
92%
Who is the rookie of 2020?Nicholas Latifi
89%
Which team has the fastest pit stop?Red Bull
87%
Which team is at the last at Constructor’s Championship?Williams
83%
Which driver equaled Barichello’s record of most races started? And in which team?Kimi Raikkonen, Alpha Romeo
80%
Which team does Daniel Ricciardo race for?Renault
72%
Max Verstappen has a victory in which of these circuits?Silverstone Circuit
56%
Carlos Sainz and Charles Leclerc are teammates of which team?They aren't teammates
38%

Score Distribution

Percentile by Number Answered

Percent of People with Each Score

Your Score History

You have not taken this quiz